| Tag |
First Indicator |
Second Indicator |
Subfields |
| LEADER |
00000cam a22000008i 4500 |
| 001 |
in00000625129 |
| 005 |
20151015051229.0 |
| 008 |
771223s1978 mau 00110 eng |
| 010 |
|
|
|a 77015814
|
| 020 |
|
|
|a 0669020605
|
| 035 |
|
|
|a (OCoLC)03609000
|
| 035 |
|
|
|9 ACT5308AM
|
| 040 |
|
|
|a DLC
|c DLC
|d VRC
|d TXA
|d UtOrBLW
|
| 049 |
|
|
|a TXAM
|c [1612786]
|
| 050 |
0 |
0 |
|a RJ503
|b .D83
|
| 082 |
0 |
|
|a 616.8/9
|
| 100 |
1 |
|
|a Duggan, Hayden A.
|
| 245 |
1 |
2 |
|a A second chance :
|b empathy in adolescent development /
|c Hayden A. Duggan.
|
| 264 |
|
1 |
|a Lexington, Mass. :
|b Lexington Books,
|c [1978]
|
| 264 |
|
4 |
|c ©1978
|
| 300 |
|
|
|a xv, 174 pages :
|b illustrations ;
|c 24 cm.
|
| 336 |
|
|
|a text
|b txt
|2 rdacontent
|
| 337 |
|
|
|a unmediated
|b n
|2 rdamedia
|
| 338 |
|
|
|a volume
|b nc
|2 rdacarrier
|
| 500 |
|
|
|a Includes index.
|
| 504 |
|
|
|a Bibliography: pages 157-163.
|
| 650 |
|
0 |
|a Adolescent psychiatry.
|
| 650 |
|
0 |
|a Children
|x Institutional care.
|
| 650 |
|
0 |
|a Empathy.
|
| 650 |
|
0 |
|a Allied mental health personnel.
|
| 650 |
|
2 |
|a Adolescent Psychiatry.
|
| 650 |
|
2 |
|a Empathy.
|
| 999 |
|
|
|a MARS
|
| 999 |
f |
f |
|s b88698a9-5b9e-3771-8e4b-8aa4ea9e02a3
|i 2c818d44-5258-34bb-9058-3ce9a5f8b8cb
|t 0
|
| 952 |
f |
f |
|p ric
|a Texas A&M University
|b Rellis Campus
|c Joint Library Facility
|d Remote Storage
|t 0
|e RJ503 .D83
|h Library of Congress classification
|i unmediated -- volume
|m A14805146997
|
| 998 |
f |
f |
|a RJ503 .D83
|t 0
|l Remote Storage
|